[Event "Old Capital Open 2013"]
[Site "Veliko Tarnovo BUL"]
[Date "2013.05.02"]
[Round "2.17"]
[White "Dereshki,D"]
[Black "Senetia,T"]
[Result "0-1"]
[WhiteElo "1957"]
[BlackElo "2196"]

1.d4 Nf6 2.c4 c5 3.d5 e6 4.Nc3 exd5 5.cxd5 d6 6.Nf3 g6 7.Bf4 a6 8.a4 Bg7
9.e4 O-O 10.h3 Re8 11.Nd2 Qe7 12.Be2 Nbd7 13.O-O Ne5 14.Re1 Nfd7 15.Bh2 g5
16.a5 Rb8 17.Nc4 Nxc4 18.Bxc4 b5 19.axb6 Rxb6 20.Qe2 Nb8 21.f4 gxf4 22.Bxf4 Qh4
23.Na4 Bd4+ 24.Kh1 Rb4 25.Bxd6 Bd7 26.Bxc5 Rxa4 27.Rxa4 Bxc5 28.Ra2 Bb4 29.Rf1 Rxe4
30.Qf3 Rxc4 31.Qxf7+ Kh8 32.b3 Re4 33.Rc2 Qe7 34.Qf3 Re3 35.Qf4 Bd6 36.Qd4+ Qe5
37.Qxe5+ Rxe5  0-1

[Event "46th ch-JPN"]
[Site "Tokyo JPN"]
[Date "2013.05.03"]
[Round "5.9"]
[White "Watanabe,A"]
[Black "Shinoda,Taro"]
[Result "1-0"]
[WhiteElo "2281"]
[BlackElo "1918"]

1.d4 Nf6 2.c4 c5 3.d5 e6 4.Nc3 exd5 5.cxd5 d6 6.Nf3 g6 7.Nd2 Nbd7 8.e4 Bg7
9.Be2 O-O 10.O-O Re8 11.a4 Ne5 12.Ra3 g5 13.Qc2 h6 14.Nd1 Rb8 15.Ne3 b6 16.Bb5 Re7
17.f4 Neg4 18.Nxg4 Nxg4 19.Nf3 gxf4 20.Bxf4 a6 21.Bc6 Nf6 22.e5 Nxd5 23.Bxd5 dxe5
24.Rd3 Qe8 25.Bg3 Bf5 26.Nxe5 Bxd3 27.Qxd3 Bxe5 28.Bxe5 Rxe5 29.Bxf7+  1-0

[Event "46th ch-JPN"]
[Site "Tokyo JPN"]
[Date "2013.05.04"]
[Round "7.5"]
[White "Watanabe,A"]
[Black "Gonda,G"]
[Result "1/2-1/2"]
[WhiteElo "2281"]
[BlackElo "2078"]

1.d4 Nf6 2.c4 e6 3.Nc3 c5 4.d5 exd5 5.cxd5 d6 6.Nf3 g6 7.Nd2 Nbd7 8.e4 Bg7
9.Be2 O-O 10.O-O Re8 11.a4 a6 12.Ra3 Rb8 13.a5 Qc7 14.Qc2 b5 15.axb6 Rxb6
16.Nc4 Rb4 17.Bf4 Bf8 18.Bd3 Ng4 19.Bd2 Nge5 20.Nxe5 Nxe5 21.Bxa6 Bxa6 22.Rxa6 Qb7
23.Ra2 Nc4 24.Bc1 Bg7 25.Re1 Nb6 26.Re2 Qe7 27.f3 Nc4 28.g3 h5 29.h4 Ne5
30.Kg2 Qf6 31.Rf2 Nc4 32.Nd1 Qe7 33.Ra4 Rxa4 34.Qxa4 Ne5 35.Bg5 f6 36.Be3 Rb8
37.Qc2 Qb7 38.Bd2 f5 39.Bc3 fxe4 40.Qxe4 Qf7 41.f4 Ng4 42.Re2 Bxc3 43.Nxc3 Nf6
44.Qd3 Re8 45.Rxe8+ Qxe8 46.Kf3 Ng4 47.Ne4 Qb8 48.Nf6+ Kg7 49.Nxg4 hxg4+
50.Kxg4 Qxb2 51.h5 gxh5+ 52.Kxh5 Qf6 53.f5 Qh6+ 54.Kg4 Kf6 55.Qc3+ Kf7 56.Qc2 Kf6
57.Qb2+ Kf7 58.Kf3 Qh5+ 59.g4 Qh3+ 60.Kf4 Qh6+ 61.Ke4 Qh1+ 62.Kf4 Qh6+ 63.Kg3 Qe3+
64.Kh4  1/2-1/2

[Event "31st Liechtenstein Open 2013"]
[Site "Triesen LIE"]
[Date "2013.05.05"]
[Round "3.13"]
[White "Simon,Pete GER"]
[Black "Bezemer,A"]
[Result "0-1"]
[WhiteElo "2156"]
[BlackElo "2294"]

1.d4 Nf6 2.c4 c5 3.d5 e6 4.Nc3 exd5 5.cxd5 d6 6.Nf3 g6 7.Bf4 a6 8.a4 Bg7
9.h3 O-O 10.e3 Qe7 11.Be2 Nbd7 12.O-O Ne8 13.Re1 Rb8 14.a5 b5 15.axb6 Rxb6
16.Qc2 Nc7 17.Nd2 Ne5 18.Bxe5 Bxe5 19.Nc4 Rb4 20.Ra2 Bg7 21.Na5 Qg5 22.Kh2 Nxd5
23.Nc6 Nxc3 24.bxc3 Rb6 25.Bf3 Bd7 26.Na5 Rfb8 27.g3 Be6  0-1

[Event "15th Ajuinentornooi 2013"]
[Site "Aalst BEL"]
[Date "2013.05.08"]
[Round "4.1"]
[White "Goormachtigh,J"]
[Black "Ringoir,T"]
[Result "0-1"]
[WhiteElo "2176"]
[BlackElo "2477"]

1.d4 Nf6 2.c4 c5 3.d5 e6 4.Nc3 exd5 5.cxd5 d6 6.Nf3 g6 7.Bf4 a6 8.e4 b5 9.Qe2 Ra7
10.e5 Re7 11.Bg5 Bg7 12.Ne4 Nxe4 13.Bxe7 Qxe7 14.Qxe4 f5 15.Qc2 dxe5 16.Be2 e4
17.Nd2 O-O 18.O-O c4 19.a4 e3 20.Nf3 Qe4 21.Qc1 exf2+ 22.Rxf2 Qxd5 23.axb5 axb5
24.Ra5 Bd7 25.Rf1 Qc5+ 26.Kh1 Qb4 27.Ra7 Qxb2 28.Qe1 Bc6 29.Ng5 Qf6 30.Bf3 Qxg5
31.Bxc6 Rd8 32.Bd7 Kh8 33.Qe6 c3 34.Rc7 h5 35.Rc8 Nxd7 36.Qxd7 Rxc8 37.Qxc8+ Kh7
38.Qc5 Qd2 39.Qxb5 c2 40.Qc4 Qd1 41.Kg1 Bd4+  0-1

[Event "FSFMA May 2013"]
[Site "Budapest HUN"]
[Date "2013.05.08"]
[Round "5.2"]
[White "Krstulovic,Alex"]
[Black "Juracsik,J"]
[Result "1/2-1/2"]
[WhiteElo "1945"]
[BlackElo "2170"]

1.d4 Nf6 2.c4 c5 3.d5 e6 4.Nc3 exd5 5.cxd5 d6 6.Nf3 g6 7.Nd2 Bg7 8.e4 O-O
9.Be2 Re8 10.O-O Na6 11.Re1 Nc7 12.Qc2 b5 13.a4 b4 14.Nb5 Ncxd5 15.exd5 a6
16.Nxd6 Qxd6 17.Nc4 Qxd5 18.Nb6 Qc6 19.Nxa8 Bb7 20.f3 Ng4 21.Rd1 Bxa8 22.Bf1 Nh6
23.Bxh6 Bxh6 24.Qd3 Bb7 25.Qd7 Be3+ 26.Kh1 Bd4 27.Rxd4 cxd4 28.Qxd4 b3 29.Bc4 Rc8
30.Bxb3 Qc5 31.Qd3 a5 32.Rd1 Rc7 33.Qd8+ Kg7 34.Rd6 Qe5 35.Rd1 Re7 36.Qd2 h5
37.h3 h4 38.Qd4 Qxd4 39.Rxd4 g5 40.Bc4 Bc6 41.b3 Rd7 42.Rxd7 Bxd7 43.Kg1 f5
44.Kf2 Kf6 45.Ke3 Ke5  1/2-1/2

[Event "SCT Seniors 2013"]
[Site "Stockholm SWE"]
[Date "2013.05.09"]
[Round "1.7"]
[White "Alfven,Jorgen"]
[Black "Petkevich,J"]
[Result "0-1"]
[WhiteElo "1852"]
[BlackElo "2376"]

1.d4 Nf6 2.c4 e6 3.Nf3 c5 4.d5 exd5 5.cxd5 d6 6.Nc3 g6 7.e4 Bg7 8.Bb5+ Nfd7
9.O-O O-O 10.a4 a6 11.Bd3 Nf6 12.Nd2 Ng4 13.Nc4 Ne5 14.Nxe5 Bxe5 15.Bh6 Qh4
16.f4 Bd4+ 17.Kh1 Qxh6 18.f5 Nd7 19.Ne2 Bxb2 20.Ra2 Be5 21.g3 Nf6 22.Nf4 g5
23.Rg2 Kh8 24.Ne2 Bd7 25.Ng1 g4 26.a5 Bb5 27.Ne2 Qe3 28.Nf4 Bxf4 29.Bxb5 Be5
30.Re1 Qc3 31.Bd3 Qxa5 32.Qb1 b5 33.Ra2 Qb4  0-1

[Event "31st Liechtenstein Open 2013"]
[Site "Triesen LIE"]
[Date "2013.05.11"]
[Round "9.4"]
[White "Farago,I"]
[Black "Rooze,J"]
[Result "1-0"]
[WhiteElo "2445"]
[BlackElo "2372"]

1.d4 Nf6 2.c4 c5 3.d5 e6 4.Nc3 exd5 5.cxd5 d6 6.Nf3 g6 7.Nd2 Bg7 8.e4 O-O
9.Be2 Re8 10.O-O Nbd7 11.a4 Ne5 12.Re1 Nfg4 13.Nf1 Qh4 14.g3 Qh3 15.Nb5 Rd8
16.Bg5 Nf6 17.Ra3 c4 18.g4 Nd3 19.Bxd3 cxd3 20.Rxd3 Qxg4+ 21.Qxg4 Bxg4 22.h3 Bc8
23.Rf3  1-0

[Event "27th Metropolitan GM"]
[Site "Los Angeles USA"]
[Date "2013.05.16"]
[Round "4"]
[White "Remlinger,L"]
[Black "Matikozian,A"]
[Result "0-1"]
[WhiteElo "2308"]
[BlackElo "2441"]

1.d4 Nf6 2.c4 c5 3.d5 e6 4.Nc3 exd5 5.cxd5 d6 6.Nf3 g6 7.Bf4 Bg7 8.Qa4+ Bd7
9.Qb3 Qc7 10.e4 O-O 11.Nd2 Nh5 12.Be3 f5 13.exf5 Bxf5 14.Be2 Nf6 15.O-O Na6
16.a3 Qf7 17.Nb5 Rfd8 18.Nc4 Bf8 19.Bf4 Ne8 20.Bg5 Rd7 21.Rad1 Nac7 22.Ne3 Nxb5
23.Bxb5 Rc7 24.Bd3 Bxd3 25.Qxd3 Nf6 26.f4 Re8 27.f5 Ne4 28.fxg6 Qxg6 29.Bh4 Bg7
30.Nf5 Rf7 31.Nxg7 Rxg7 32.Qf3 Qg4 33.Be1 Qxf3 34.Rxf3 Re5 35.Re3 Rge7 36.Bh4 Re8
37.Rde1 b5 38.h3 a6 39.Kh2 c4 40.Bg3 Nxg3 41.Rxg3+ Kh8 42.Rf1 Rg8 43.Rf7 Rxd5
44.Ra7 Rd2 45.Rxa6 d5 46.Rd6 d4 47.Rxg8+ Kxg8 48.Rd5 d3 49.Rxb5 Rc2 50.Kg3 d2
51.Rd5 Rxb2 52.Kf3 c3 53.Ke2 Rb1  0-1

[Event "BSG Pinkstertoernooi 2013"]
[Site "Bussum NED"]
[Date "2013.05.17"]
[Round "1.13"]
[White "Lombaers,P"]
[Black "Hazenberg,F"]
[Result "1-0"]
[WhiteElo "2228"]
[BlackElo "2010"]

1.c4 Nf6 2.d4 e6 3.Nc3 c5 4.d5 exd5 5.cxd5 d6 6.Nf3 g6 7.Bf4 Bg7 8.h3 O-O
9.e3 a6 10.a4 Nh5 11.Bh2 f5 12.Be2 f4 13.O-O fxe3 14.fxe3 Qe7 15.Qd3 Bh6
16.Ne4 Bf5 17.Nfd2 Re8 18.Bxh5 Bxe4 19.Nxe4 Qxe4 20.Qxe4 Rxe4 21.Bg4 Bxe3+
22.Kh1 Bd4 23.Bxd6 Re8 24.Be6+ Kg7 25.Rf7+ Kh6 26.Raf1 b5 27.R1f4 g5 28.Bf5 Bg7
29.Rh4+ gxh4 30.Bf4+ Kh5 31.Rxg7 Rh8 32.Bg4+  1-0

[Event "Open Hradec Kralove 2013"]
[Site "Hradec Kralove CZE"]
[Date "2013.05.17"]
[Round "4"]
[White "Bartos,J"]
[Black "Kraus,To"]
[Result "1/2-1/2"]
[WhiteElo "2162"]
[BlackElo "2359"]

1.d4 e6 2.c4 Nf6 3.Nc3 c5 4.d5 exd5 5.cxd5 d6 6.Nf3 g6 7.Bf4 a6 8.a4 Bg7
9.h3 O-O 10.e3 Ne8 11.Nd2 Nd7 12.Nc4 Qe7 13.Be2 b6 14.O-O Rb8 15.Re1 Ne5
16.Bxe5 Bxe5 17.Nxe5 dxe5 18.e4 Nd6 19.Qd2 b5 20.axb5 axb5 21.Bf1 Qc7 22.b3 Bd7
23.Qe3 Ra8 24.Rec1 Rxa1 25.Rxa1 f5 26.exf5 Nxf5 27.Qg5 Qb6 28.Ne4 Nd4  1/2-1/2

[Event "27th Metropolitan GM"]
[Site "Los Angeles USA"]
[Date "2013.05.17"]
[Round "6"]
[White "Remlinger,L"]
[Black "Sevillano,E"]
[Result "1-0"]
[WhiteElo "2308"]
[BlackElo "2500"]

1.d4 Nf6 2.c4 c5 3.d5 e6 4.Nc3 exd5 5.cxd5 d6 6.Nf3 a6 7.a4 g6 8.h3 Bg7 9.Bf4 O-O
10.e3 Re8 11.Nd2 Qc7 12.Be2 Nbd7 13.O-O b6 14.Nc4 Bf8 15.Qc2 Ne5 16.Nxe5 dxe5
17.Bg5 Nd7 18.d6 Bxd6 19.Nd5 Qb8 20.Qb3 Kg7 21.Bc4 f6 22.Bh4 g5 23.Bg3 e4
24.Bxd6 Qxd6 25.Rad1 Qe5 26.Nc3 Rb8 27.Bd5 Nf8 28.Nxe4 Be6 29.Ng3 b5 30.e4 c4
31.Qb4 Kh8 32.Bxe6 Nxe6 33.Rd5 bxa4 34.Qxa4 Qxb2 35.Qxc4 Nf4 36.Rd7 Qb5 37.Qd4 Rf8
38.Qa7 Ne6 39.Rxh7+ Kg8 40.Nf5  1-0

[Event "BSG Pinkstertoernooi 2013"]
[Site "Bussum NED"]
[Date "2013.05.19"]
[Round "5.20"]
[White "Wunnink,M"]
[Black "Hazenberg,F"]
[Result "1-0"]
[WhiteElo "2248"]
[BlackElo "2010"]

1.d4 Nf6 2.c4 e6 3.Nc3 c5 4.d5 exd5 5.cxd5 d6 6.Nf3 g6 7.Bf4 Bg7 8.Qa4+ Bd7
9.Qb3 Qc7 10.e4 O-O 11.Nd2 Nh5 12.Be3 f5 13.exf5 Bxf5 14.Be2 Nf6 15.h3 Qe7
16.O-O a6 17.Bxc5 Nfd7 18.Be3 Ne5 19.Nce4 b5 20.a4 Nc4 21.Bxc4 bxc4 22.Qxc4 Nd7
23.Bg5 Qe5 24.Rfe1 Bxe4 25.Nxe4 Qf5 26.Be7 Rf7 27.Nxd6 Qxf2+ 28.Kh1 Ne5 29.Rxe5 Qxb2
30.Rae1 Bxe5 31.Nxf7 Kxf7 32.d6+ Kg7 33.Qd5 Bg3 34.Qxa8 Bxe1 35.Qf8+  1-0

[Event "Gligoric Cup 2013"]
[Site "Banja Koviljaca SRB"]
[Date "2013.05.24"]
[Round "5.4"]
[White "Ivkov,B"]
[Black "Stojanovic,Andj"]
[Result "1/2-1/2"]
[WhiteElo "2412"]
[BlackElo "2282"]

1.d4 Nf6 2.c4 c5 3.d5 e6 4.Nc3 exd5 5.cxd5 d6 6.Nf3 g6 7.Bg5 h6 8.Bh4 Bg7
9.Nd2 O-O 10.e4 b6 11.Be2 Qe7 12.O-O g5 13.Bg3 Nbd7 14.Nc4 Ne8 15.Bg4 Ne5
16.Bxe5 Bxe5 17.Bxc8 Rxc8 18.Qg4 Ng7 19.Nxe5  1/2-1/2

[Event "6th Mayors Cup 2013"]
[Site "Mumbai IND"]
[Date "2013.05.29"]
[Round "1"]
[White "Navalgund,N"]
[Black "Pantsulaia,L"]
[Result "0-1"]
[WhiteElo "2217"]
[BlackElo "2563"]

1.d4 Nf6 2.c4 e6 3.Nf3 c5 4.d5 d6 5.Nc3 exd5 6.cxd5 g6 7.Bf4 a6 8.a4 Bg7
9.h3 O-O 10.e3 Re8 11.Be2 Ne4 12.Nxe4 Rxe4 13.Nd2 Rb4 14.Nc4 Bxb2 15.O-O Bxa1
16.Qxa1 Nd7 17.a5 b5 18.axb6 Nxb6 19.Bh6 f6 20.Na5 Bd7 21.Bg4 Qe7 22.Nc6 Bxc6
23.dxc6 a5 24.Rd1 a4 25.c7 Re8 26.Bf4 Rxf4 27.exf4 f5 28.Qa2+ Qf7 29.Qxf7+ Kxf7
30.Bf3 Ke6 31.Rb1 Nc8 32.Bc6 Re7 33.Re1+ Kf6 34.Rxe7 Kxe7 35.Bxa4 d5 36.Bc6 d4
37.Bd5 Kd7 38.Kf1 Kxc7 39.Bg8 Ne7 40.Bf7 Kd6  0-1

[Event "Hungarian National Open 2013"]
[Site "Zalakaros HUN"]
[Date "2013.05.29"]
[Round "8"]
[White "Kincs,I"]
[Black "Wukits,R"]
[Result "1-0"]
[WhiteElo "2184"]
[BlackElo "2292"]

1.d4 Nf6 2.c4 e6 3.Nf3 c5 4.d5 exd5 5.cxd5 d6 6.Nc3 g6 7.h3 a6 8.a4 Qe7 9.g4 Bg7
10.Bg2 O-O 11.Bg5 h6 12.Bh4 g5 13.Bg3 Nbd7 14.O-O Rb8 15.Qd3 Ne8 16.Ra2 f6
17.a5 b5 18.axb6 Rxb6 19.Nd2 Ne5 20.Bxe5 fxe5 21.Nc4 Rb4 22.Ne4 h5 23.gxh5 Rf4
24.b3 Rh4 25.Rfa1 Rxh5 26.Ra4 Rxa4 27.Rxa4 Rh6 28.Nb6 Bb7 29.Qg3 Qd8 30.Nc4 Rg6
31.Qd3 Rh6 32.Na5 Bc8 33.Nc6 Qc7 34.Nxg5 Nf6 35.b4 Rh4 36.Qg6 e4 37.bxc5 Rh6
38.cxd6 Rxg6 39.dxc7 Nxd5 40.Rxe4  1-0

[Event "6th Mayors Cup 2013"]
[Site "Mumbai IND"]
[Date "2013.05.30"]
[Round "3"]
[White "Swayams,M"]
[Black "Pantsulaia,L"]
[Result "0-1"]
[WhiteElo "2406"]
[BlackElo "2563"]

1.d4 Nf6 2.c4 c5 3.d5 e6 4.Nc3 exd5 5.cxd5 d6 6.Nf3 g6 7.Bf4 a6 8.a4 Bg7
9.e4 O-O 10.Be2 Bg4 11.O-O Re8 12.h3 Bxf3 13.Bxf3 Qc7 14.Qd2 Nbd7 15.Bh6 Bh8
16.Rae1 Rab8 17.Bd1 b5 18.axb5 axb5 19.Bc2 b4 20.Nd1 Ra8 21.f4 Ra1 22.Nf2 Rxe1
23.Rxe1 Qa5 24.Bb3 Qb5 25.Qc1 Nb6 26.Bc2 b3 27.Bb1 Qb4 28.Kh2 Bg7 29.Bxg7 Kxg7
30.e5 Nfxd5 31.Re4 c4 32.f5 dxe5 33.Ng4 Qd6 34.Qh6+ Kg8 35.Qh4 Kg7 36.Qh6+ Kh8
37.Kh1 Nf6 38.Nxf6 Qxf6 39.Rh4 Qg7 40.fxg6 fxg6 41.Qxg6 Qxg6 42.Bxg6 Re7
43.Bf5 Rc7 44.Rg4 Rc6 45.Re4 Rc5 46.Rh4 Rc7 47.Rg4 h6 48.Be6 Rc6 49.Bf7 h5
50.Bxh5 Rc7 51.Be8 Nd5 52.Bg6 Nf4 53.Bf5 Rc5 54.Rg3 Rd5 55.Rc3 Rd4 56.Rc1 e4
57.Rb1 e3 58.Kg1 Rd2 59.Be4 Nd3 60.Bxd3 cxd3 61.Kf1 Rf2+  0-1

[Event "Icelandic Open Championship 2013"]
[Site "Reykjavik ISL"]
[Date "2013.06.01"]
[Round "2.5"]
[White "Baldursson,Ha"]
[Black "Kristjansson,St"]
[Result "0-1"]
[WhiteElo "1963"]
[BlackElo "2494"]

1.d4 Nf6 2.c4 e6 3.Nf3 c5 4.d5 d6 5.Nc3 exd5 6.cxd5 g6 7.e4 a6 8.a4 Bg4 9.Be2 Nbd7
10.Nd2 Bxe2 11.Qxe2 Be7 12.f4 O-O 13.O-O Re8 14.Nc4 Bf8 15.Qf3 Nb6 16.b3 Bg7
17.Bd2 Nxc4 18.bxc4 Nd7 19.Rab1 Rb8 20.Rfe1 Qh4 21.g3 Qh3 22.Qg2 Bd4+ 23.Kh1 Qg4
24.Ne2 b6 25.Rb3 f5 26.Nxd4 cxd4 27.h3 Qh5 28.g4 fxg4 29.Qxg4 Qxg4 30.hxg4 Nc5
31.Rb2 Nd3 32.Rbb1 Nxe1 33.Rxe1 Rbc8 34.e5 Rxc4 35.e6 Kg7  0-1

[Event "Icelandic Open Championship 2013"]
[Site "Reykjavik ISL"]
[Date "2013.06.01"]
[Round "3.5"]
[White "Kjartansson,G"]
[Black "Grove,Michael"]
[Result "1-0"]
[WhiteElo "2446"]
[BlackElo "2021"]

1.d4 Nf6 2.c4 c5 3.d5 e6 4.Nc3 exd5 5.cxd5 d6 6.Nf3 g6 7.Bf4 a6 8.a4 Nh5
9.Bg5 Qb6 10.Qc2 Qb4 11.a5 Bd7 12.Bd2 Bb5 13.Ra4 Bxa4 14.Nxa4 Qg4 15.h3 Qf5
16.e4 Qf6 17.Nb6 Ra7 18.Qa4+ Nc6 19.dxc6  1-0

[Event "70th ch-GEO w 2013"]
[Site "Tbilisi GEO"]
[Date "2013.06.03"]
[Round "7.5"]
[White "Arabidze,M"]
[Black "Lomineishvili,M"]
[Result "0-1"]
[WhiteElo "2348"]
[BlackElo "2345"]

1.d4 Nf6 2.c4 e6 3.Nf3 c5 4.d5 exd5 5.cxd5 d6 6.Nc3 g6 7.Bf4 a6 8.a4 Bg7
9.h3 O-O 10.e3 Re8 11.Be2 Ne4 12.Nxe4 Rxe4 13.Nd2 Rxf4 14.exf4 Bxb2 15.Rb1 Bg7
16.O-O Qf6 17.Bg4 Nd7 18.Re1 Nf8 19.g3 Bxg4 20.hxg4 Rb8 21.a5 Qc3 22.Re7 Qxa5
23.Rbxb7 Rxb7 24.Rxb7 Qa2 25.Ne4 Bd4 26.Qd2 Qc4 27.g5 a5 28.Nf6+ Kg7 29.Qxa5 Qe2
30.Kg2 Qxf2+ 31.Kh3 Qf1+ 32.Kg4 Qd1+ 33.Kh3 Qh1+ 34.Kg4 Bxf6 35.gxf6+ Kh6
36.f5 g5  0-1

[Event "8th Teplice Open 2013"]
[Site "Teplice CZE"]
[Date "2013.06.16"]
[Round "2.16"]
[White "Stachowiak,K"]
[Black "Cajbel,M"]
[Result "1-0"]
[WhiteElo "2474"]
[BlackElo "2191"]

1.d4 Nf6 2.Nf3 c5 3.d5 d6 4.c4 e6 5.Nc3 exd5 6.cxd5 g6 7.Bf4 a6 8.a4 Bg7
9.h3 O-O 10.e3 Nh5 11.Bh2 f5 12.Be2 f4 13.e4 Nd7 14.O-O Rb8 15.Re1 Qf6 16.e5 Nxe5
17.Nxe5 Qxe5 18.Bg4 Qd4 19.Bxh5 gxh5 20.Qxh5 Bf5 21.Ne2 Qxb2 22.Nxf4 c4 23.Rac1 c3
24.Bg3 Rf6 25.Ne6 Bxe6 26.dxe6 Rg6 27.e7 Be5 28.Bxe5 dxe5 29.Qxe5 Re8 30.Rxc3 Qb4
31.Rf3 Qc4 32.Qf5  1-0

[Event "8th Teplice Open 2013"]
[Site "Teplice CZE"]
[Date "2013.06.16"]
[Round "2.19"]
[White "Janda,Z"]
[Black "Simantsev,M"]
[Result "1/2-1/2"]
[WhiteElo "2145"]
[BlackElo "2454"]

1.d4 Nf6 2.c4 e6 3.Nf3 c5 4.d5 exd5 5.cxd5 d6 6.Nc3 g6 7.e4 Bg7 8.h3 O-O
9.Bd3 a6 10.a4 Nbd7 11.O-O Nh5 12.Bg5 Bf6 13.Bh6 Bg7 14.Bg5 Bf6 15.Bh6 Re8
16.Qd2 Rb8 17.Be2 Ng7 18.Nh2 Bd4 19.Ng4 Nf6 20.Bg5 Bxg4 21.Bxg4 Qa5 22.Bf3 Bxc3
23.bxc3 Nxe4 24.Bxe4 Rxe4 25.Bf4 Rd8 26.Rfe1 Rxa4 27.Rab1 b5 28.Re7 Ra1 29.Rxa1 Qxa1+
30.Kh2 a5 31.Ra7 b4 32.Bg5 Re8 33.Qf4 Nf5 34.g4 Re1 35.gxf5 Rh1+ 36.Kg3 Qxc3+
37.Qe3 Qxe3+ 38.fxe3 Rg1+ 39.Kh4 f6 40.Bxf6 gxf5 41.Rxa5 c4 42.Ra7 c3 43.Rc7 Kf8
44.Rc4 Ke8 45.Rxb4 c2 46.Bb2 Rb1 47.Rc4 Rxb2 48.Kg5 Rb3 49.Rxc2 Rxe3  1/2-1/2

[Event "72nd ch-GEO 2013"]
[Site "Tbilisi GEO"]
[Date "2013.06.19"]
[Round "7.3"]
[White "Nigalidze,G"]
[Black "Pantsulaia,L"]
[Result "1-0"]
[WhiteElo "2456"]
[BlackElo "2567"]

1.d4 Nf6 2.c4 c5 3.d5 e6 4.Nc3 exd5 5.cxd5 d6 6.Nf3 a6 7.a4 g6 8.Bf4 Bg7
9.h3 O-O 10.e3 Re8 11.Bd3 Nbd7 12.O-O Nh5 13.Bh2 Ne5 14.Be2 Nxf3+ 15.Bxf3 Nf6
16.a5 b5 17.axb6 Qxb6 18.Ra2 Bd7 19.Re1 Re7 20.Qc2 Ne8 21.Rea1 Nc7 22.Na4 Bxa4
23.Qxa4 Be5 24.Bxe5 Rxe5 25.Qc6 Rb8 26.Kh2 Kf8 27.Rc1 Qxc6 28.dxc6 Rb5 29.Rc3 Re8
30.b3 Ke7 31.Rd3 Rd8 32.Rad2 h5 33.Rd1 Ke6 34.g4 h4 35.Kg2 Rb6 36.Rc3 Ke7
37.Rcd3 Rb4 38.Ra1 d5 39.Rad1 d4 40.g5 Rd6 41.Ra1 Rb6 42.exd4 Rxd4 43.Rxd4 cxd4
44.Ra4 Ne6 45.Rc4 Kd6 46.Bg4 Nf4+ 47.Kf3 Nd5 48.Rxd4 Rxb3+ 49.Kg2 Kxc6 50.Bf3 Rb5
51.Rxh4 Kc5 52.Ra4 Nc7 53.Be2 Rb4 54.Ra3 Kd6 55.Bxa6 Ne6 56.Ra5 Rb3 57.Bc8 Nf4+
58.Kh2 Rf3 59.Ra2 Ke7 60.Bg4 Rc3 61.Ra4 Nd5 62.Rd4 Kd6 63.Re4 Ra3 64.h4 Ra7
65.Kg2 Re7 66.Rxe7 Nxe7 67.Kg3 Ke5 68.Be2 Nf5+ 69.Kg4 Nd6 70.Bd1 Ke4 71.Bb3 Ke5
72.f4+ Ke4 73.Bc2+ Kd5 74.f5 gxf5+ 75.Bxf5 Ke5 76.Bc2 Ke6 77.h5 Ke7 78.h6 Kf8
79.Kf4 Kg8 80.Bb3 Kf8 81.Ke5 Nb7 82.Kf6 Nc5 83.Bxf7 Nd7+ 84.Ke6 Nc5+ 85.Kd5 Nd3
86.Be6 Nf4+ 87.Ke4  1-0

[Event "8th Teplice Open 2013"]
[Site "Teplice CZE"]
[Date "2013.06.19"]
[Round "5.3"]
[White "Babula,V"]
[Black "Plischki,S"]
[Result "0-1"]
[WhiteElo "2581"]
[BlackElo "2386"]

1.d4 Nf6 2.c4 e6 3.Nf3 c5 4.d5 d6 5.Nc3 exd5 6.cxd5 g6 7.h3 Bg7 8.Bf4 O-O
9.e3 Ne8 10.Be2 Nd7 11.O-O Ne5 12.Nd2 a6 13.a4 b6 14.Re1 f5 15.Bh2 Rb8 16.Qc2 Nc7
17.f4 Nf7 18.e4 fxe4 19.Ndxe4 b5 20.axb5 axb5 21.Qb3 Re8 22.Bf3 b4 23.Ne2 Bd7
24.Kh1 Nb5 25.Bg1 Ra8 26.Nd2 Qh4 27.Rxa8 Qxe1 28.Rxe8+ Bxe8 29.Qe3 Kf8 30.Nc4 Qb1
31.Be4 Qd1 32.Kh2 Nd4 33.Bd3 Bb5 34.Qe4 Bxc4 35.Bxc4 Nxe2 36.Bxe2 Qd2 37.b3 Bf6
38.Bf2 Kg7 39.g4 Bd4 40.Bxd4+ cxd4 41.g5 d3 42.Qxd3 Qxf4+ 43.Kg2 Qxg5+ 44.Kf2 Qf4+
45.Kg2 h5 46.Qd1 Ne5  0-1

[Event "17th Petr Izmailov"]
[Site "Tomsk RUS"]
[Date "2013.06.19"]
[Round "9.10"]
[White "Dmitrienko,And"]
[Black "Sergeev,Alb"]
[Result "1-0"]
[WhiteElo "2208"]
[BlackElo "2346"]

1.d4 Nf6 2.Nf3 c5 3.d5 e6 4.c4 exd5 5.cxd5 d6 6.Nc3 a6 7.a4 g6 8.Bg5 h6 9.Bh4 g5
10.Bg3 Nh5 11.e4 Nxg3 12.hxg3 Bg7 13.Bd3 Nd7 14.O-O O-O 15.Re1 Re8 16.Qc2 Ne5
17.Nxe5 Bxe5 18.Nd1 Rb8 19.a5 b5 20.axb6 Rxb6 21.Ra2 Qf6 22.b3 Bd4 23.Ne3 Bxe3
24.Rxe3 Kg7 25.Bc4 Re7 26.Qe2 Qe5 27.Bxa6 Bxa6 28.Rxa6 Reb7 29.Rxb6 Rxb6
30.Qg4 Rb7 31.Kh2 Re7 32.Qc8 Qf6 33.Qb8 Re5 34.Qc8 Re7 35.Re2 Qg6 36.Qg4 Re8
37.Re3 Qf6 38.Qe2 Qe5 39.Qh5 Qd4 40.Qe2 Qe5 41.Qh5 Qd4 42.Qg4 Re7 43.Qf5 Ra7
44.e5 dxe5 45.Rd3 Qa1 46.d6 Ra8 47.d7 Qa5 48.Qxe5+  1-0

[Event "7th Varna Open 2013"]
[Site "Varna BUL"]
[Date "2013.06.19"]
[Round "1.15"]
[White "Kirkov,Mihail"]
[Black "Janev,E"]
[Result "0-1"]
[WhiteElo "1623"]
[BlackElo "2444"]

1.d4 Nf6 2.c4 c5 3.d5 e6 4.Nc3 exd5 5.cxd5 d6 6.Nf3 g6 7.e4 Bg7 8.h3 O-O
9.Bd3 Nbd7 10.O-O a6 11.a4 Qc7 12.Bf4 Ne5 13.Be2 Nxf3+ 14.Bxf3 Nd7 15.Qd2 Re8
16.Bh6 Bh8 17.a5 Ne5 18.Be2 f5 19.exf5 Bxf5 20.Na4 Nf7 21.Bf4 Re4 22.Bf3 Rd4
23.Qe3 Qxa5 24.Nc3 Qb4 25.Bg3 Qxb2 26.Ne2 Rd3 27.Qe7 Bf6 28.Qc7 Rc8 29.Qa5 Qb5
30.Qxb5 axb5  0-1

[Event "III Marcel Duchamp Boca Jun Op"]
[Site "Buenos Aires ARG"]
[Date "2013.06.20"]
[Round "1.5"]
[White "Real de Azua,E"]
[Black "Moscato,Nestor Eduardo"]
[Result "1-0"]
[WhiteElo "2460"]
[BlackElo "1931"]

1.d4 c5 2.d5 Nf6 3.c4 e6 4.Nc3 exd5 5.cxd5 d6 6.Nf3 g6 7.Bf4 a6 8.a4 Bg7
9.h3 O-O 10.e3 Qc7 11.Nd2 Nbd7 12.Nc4 Ne5 13.Bxe5 dxe5 14.Be2 e4 15.a5 Bd7
16.Qc2 Rad8 17.O-O Bb5 18.Nb6 c4 19.Rfd1 Rfe8 20.Rac1 Rd6 21.Rd4 Nd7 22.Rxe4 Rxe4
23.Nxe4 Rxb6 24.axb6 Nxb6 25.b3 f5 26.Nc3 Bxc3 27.Qxc3 Nxd5 28.Qd4 Nb6 29.bxc4 Bc6
30.c5 Bd5 31.Rb1 Bxg2 32.cxb6 Qc6 33.Bc4+ Kf8 34.Qh8+ Ke7 35.Qg7+ Kd6 36.Rd1+ Kc5
37.Qd4+  1-0

[Event "13th IPCA World Championship"]
[Site "Velke Losiny CZE"]
[Date "2013.06.20"]
[Round "4.1"]
[White "Yarmonov,I"]
[Black "Obodchuk,A"]
[Result "1-0"]
[WhiteElo "2309"]
[BlackElo "2410"]

1.d4 Nf6 2.c4 c5 3.d5 e6 4.Nc3 exd5 5.cxd5 d6 6.Nf3 g6 7.g3 Bg7 8.Bg2 O-O
9.O-O a6 10.a4 Nbd7 11.Nd2 Re8 12.Nc4 Nb6 13.Ne3 Ng4 14.Qb3 Rb8 15.Nxg4 Bxg4
16.e4 c4 17.Qa2 Qc7 18.Be3 Bd7 19.a5 Na8 20.Rfc1 Rbc8 21.Qa3 f5 22.Qb4 Bxc3
23.Rxc3 fxe4 24.b3 Bf5 25.bxc4 Qd7 26.Rb1 Re7 27.Rcb3 Rc7 28.Bf1 Re8 29.Qc3 Qe7
30.Qb2 Bc8 31.Re1 Bf5 32.Qd2 Qd8 33.Bd4 Qc8 34.Qh6 Rf7 35.Rbe3 Ree7 36.h3 Qf8
37.Qxf8+ Kxf8 38.g4 Bd7 39.c5 Rf4 40.cxd6 Re8 41.Rb1 Bc8 42.d7 Bxd7 43.Rxb7 Rf7
44.Bxa6 Bc8 45.Rxf7+ Kxf7 46.Bxc8 Rxc8 47.Rb3 Rc1+ 48.Kg2 Rd1 49.Rb7+ Ke8
50.Bb6 Nxb6 51.axb6 Rb1 52.Kg3 g5 53.Rxh7 Rb3+ 54.Kg2 Rxb6 55.Rg7 Rb2 56.Rxg5 Kf7
57.Re5  1-0

[Event "72nd ch-GEO 2013"]
[Site "Tbilisi GEO"]
[Date "2013.06.21"]
[Round "9.4"]
[White "Jojua,D"]
[Black "Pantsulaia,L"]
[Result "1-0"]
[WhiteElo "2548"]
[BlackElo "2567"]

1.d4 Nf6 2.c4 c5 3.d5 e6 4.Nc3 exd5 5.cxd5 d6 6.Nf3 a6 7.a4 g6 8.Bf4 Bg7
9.h3 O-O 10.e3 Re8 11.Nd2 Nbd7 12.Be2 Ne5 13.O-O Nfd7 14.Qc2 f5 15.Bg3 Qf6
16.Rac1 b6 17.b3 Rb8 18.Nc4 Nxc4 19.bxc4 Ne5 20.Qd2 g5 21.f4 gxf4 22.exf4 Ng6
23.Bf2 Rb7 24.g3 Rbe7 25.Bh5 Bd7 26.Kh2 Rb8 27.Rc2 Qf8 28.Ra2 b5 29.axb5 axb5
30.Nxb5 Bxb5 31.cxb5 Rxb5 32.Be2 Rb4 33.Bd3 Reb7 34.Qe2 Qf7 35.Ra8+ Bf8 36.Qe6 Qxe6
37.dxe6 Ne7 38.g4 Rxf4 39.gxf5 Rb2 40.Rg1+ Ng6 41.Rxg6+ hxg6 42.e7 Rfxf2+  1-0

[Event "HSG Open A 2013"]
[Site "Hilversum NED"]
[Date "2013.06.22"]
[Round "4.5"]
[White "Miedema,D"]
[Black "Simons,R"]
[Result "1-0"]
[WhiteElo "2381"]
[BlackElo "2069"]

1.d4 Nf6 2.c4 c5 3.d5 e6 4.Nc3 exd5 5.cxd5 d6 6.Nf3 g6 7.Nd2 a6 8.a4 Nbd7
9.e4 Bg7 10.Be2 O-O 11.O-O Re8 12.Qc2 Qc7 13.Ra3 Rb8 14.a5 b5 15.axb6 Rxb6
16.Nc4 Rb4 17.Bf4 Bf8 18.Rfa1 Nb6 19.b3 Nxc4 20.Bxc4 Bg7 21.Bd2 Qe7 22.Re1 Ng4
23.h3 Ne5 24.Bxa6 Bxa6 25.Rxa6 c4 26.bxc4 Nxc4 27.Bc1 Reb8 28.Na2 Qb7 29.Nxb4 Qxb4
30.Rf1 Be5 31.Bh6 Nb6 32.Rb1  1-0

[Event "9th Prague Festival Open A"]
[Site "Prague CZE"]
[Date "2013.06.23"]
[Round "1.20"]
[White "Strakos,T"]
[Black "Picek,M"]
[Result "0-1"]
[WhiteElo "1761"]
[BlackElo "1953"]

1.d4 Nf6 2.c4 c5 3.d5 e6 4.Nc3 exd5 5.cxd5 d6 6.Nf3 g6 7.Qa4+ Bd7 8.Qb3 Na6
9.e4 Rb8 10.Bg5 Bg7 11.Bb5 O-O 12.O-O Nc7 13.a4 a6 14.Bxd7 Qxd7 15.a5 Nb5
16.Qc4 Ng4 17.Bf4 Nd4 18.Nxd4 Bxd4 19.h3 Ne5 20.Bxe5 Bxe5 21.Rab1 Qd8 22.Qa4 Qf6
23.Qc4 b5 24.axb6 Rxb6 25.Ne2 Bxb2 26.f4 Rb4 27.Qc2 Bd4+ 28.Kh1 Rfb8 29.Nxd4 Qxd4
30.Rxb4 Rxb4 31.Rb1 Rxb1+ 32.Qxb1 Qb4 33.Qd3 Qb5 34.Qf3 Qb2 35.f5 c4 36.f6 Qa1+
37.Kh2 Qe5+ 38.g3 c3 39.Qg4 Qxf6 40.Qc8+ Kg7  0-1